| 000 | 00709nam a22002657a 4500 | ||
|---|---|---|---|
| 005 | 20160822102914.0 | ||
| 008 | 150305b xxu||||| |||| 00| 0 spa d | ||
| 041 | _aspa | ||
| 082 | _a005.3 M183o | ||
| 100 |
_aMadruga Payna, Javier _913158 |
||
| 245 | _aOffice 2013 | ||
| 260 |
_aEspaña _bAnaya _c2013 |
||
| 300 | _a368 ´páginas | ||
| 650 |
_aPROGRAMA PARA COMPUTADOR _913155 |
||
| 650 |
_aOFFICE 2013 _913156 |
||
| 650 |
_aWORD 2013 _96559 |
||
| 650 |
_aEXCEL 2013 _96562 |
||
| 650 |
_aACCESS 2013 _9908 |
||
| 650 |
_aPOWERPOINT 2013 _96557 |
||
| 650 |
_aDOCUMENTOS MAESTROS _913157 |
||
| 650 |
_aOUTLOOK _910935 |
||
| 650 |
_aPUBLISHER 2013 _913043 |
||
| 650 |
_aHERRAMIENTAS _9172 |
||
| 942 | _cBK | ||
| 999 |
_c3680 _d3680 |
||